| 000 | 00484nam a2200169Ia 4500 | ||
|---|---|---|---|
| 005 | 20250425160638.0 | ||
| 008 | 250425s9999 xx 000 0 und d | ||
| 041 | _aspa | ||
| 082 | _a620.4 | ||
| 245 | 0 | _aBEBIDAS ALCOHOLICAS. AGUARDIENTE RECTIFICADO DE CA¤A. REQUISITOS | |
| 250 | _a1A ED. | ||
| 260 |
_aEcuador _bINEN _c1986 |
||
| 260 | _aS.L. | ||
| 500 | _aD-14551 S/100 INEN BIBL. 28.06.94 NORMA INEN : 362 1987-02 general impreso DONACION | ||
| 942 | _c01 | ||
| 010 | _a1115 | ||
| 999 |
_c193284 _d193284 |
||